000
00260nam a2200109Ia 4500
008
190919s9999||||xx |||||||||||||| ||und||
100
_a
Rudyard Kipling
245
4
_a
The Jungle Books
260
_a
New Delhi
_b
Bantam Books
_c
1999
300
_a
122
942
_c
BK
999
_c
10869
_d
10869